000 00631nam a2200193 i 4500
001 34283
003 ES-MaACL
005 20250829074602.0
007 t|
008 030204s1978 sp ||||1| spa d
100 1 _aBloch, Marc.
_929514
245 1 3 _aLa historia rural francesa
_b: caracteres originales /
_cMarc Bloch ; advertencias de Lucien Febvre ; [traducción de Alejandro Pérez].
260 _aBarcelona :
_bCrítica,
_c[1978]
300 _a551 p. ;
_c20 cm.
700 1 _aFebvre, Lucien,
_d1878-1956
_949047
700 1 _aPérez, Alejandro.
_990551
852 _aES-MaACL
_jC-39179
_bR.100808
999 _c34283
_d34283